<?xml version="1.0" encoding="UTF-8"?>
<collection xmlns:xsi="http://www.w3.org/2001/XMLSchema-instance" xsi:schemaLocation="http://www.loc.gov/MARC21/slim http://www.loc.gov/standards/marcxml/schema/MARC21slim.xsd" xmlns="http://www.loc.gov/MARC21/slim">
 <record>
  <leader>00000cja a22000003a 4500</leader>
  <controlfield tag="001">UP-8027390931313882564</controlfield>
  <controlfield tag="003">Buklod</controlfield>
  <controlfield tag="005">20130321162617.0</controlfield>
  <controlfield tag="006">m    |o  d |      </controlfield>
  <controlfield tag="007">ta</controlfield>
  <controlfield tag="008">130321s2006    xx     d|||||||||||||| | </controlfield>
  <datafield tag="035" ind1=" " ind2=" ">
   <subfield code="a">(iLib)UPVIS-00027596896</subfield>
  </datafield>
  <datafield tag="040" ind1=" " ind2=" ">
   <subfield code="a">ess 3.21.13</subfield>
  </datafield>
  <datafield tag="090" ind1=" " ind2="0">
   <subfield code="a">CD-1099</subfield>
  </datafield>
  <datafield tag="100" ind1="0" ind2=" ">
   <subfield code="a">Strauss, Richard</subfield>
  </datafield>
  <datafield tag="245" ind1="0" ind2="0">
   <subfield code="a">R Strauss</subfield>
   <subfield code="b">four last songs; Wa Mozart, piano concerto no. 20 in D minor K466**; Sergie Prokofiev, Romeo and Juliet [sound recording]</subfield>
   <subfield code="c">Richard Strauss.</subfield>
  </datafield>
  <datafield tag="264" ind1=" " ind2="1">
   <subfield code="b">BBC Music</subfield>
   <subfield code="c">c2006</subfield>
  </datafield>
  <datafield tag="300" ind1=" " ind2=" ">
   <subfield code="a">1 disc (74:10 min)</subfield>
   <subfield code="b">digital</subfield>
   <subfield code="c">4 3/4in.</subfield>
  </datafield>
  <datafield tag="500" ind1=" " ind2=" ">
   <subfield code="a">Bridgewater Hall 10th anniversary CD</subfield>
  </datafield>
  <datafield tag="505" ind1="0" ind2=" ">
   <subfield code="a">Richard Strauss: four last songs, Fruhling (3:34); September (05:17); Beim Schlafengehen (05:43); iM</subfield>
  </datafield>
  <datafield tag="505" ind1="0" ind2=" ">
   <subfield code="a">WA Mozart: piano concerto no. 20 in D minor K466, Allegro (13:48); Romance (07:59); Rondo-Allegro assai (07:19)</subfield>
  </datafield>
  <datafield tag="505" ind1="0" ind2=" ">
   <subfield code="a">Sergie Prpkofiev: Romeo and Juliet (excerps from the concert suites), Montagues and capulets (04:41); Romeo and Juliet before parting (06:44); Aubade (02:26); Dance of the Antilles Girls (02:26); Death of Tybalt (05:04)</subfield>
  </datafield>
  <datafield tag="508" ind1=" " ind2=" ">
   <subfield code="a">Tracks 1-4 recorded live at the Bridgewater Hall, Manchester on 6 May 2004; Producer: Martin Cotton; Engineer: Stephen Rinker</subfield>
  </datafield>
  <datafield tag="508" ind1=" " ind2=" ">
   <subfield code="a">Tracks 5-7 recorded live at the Bridgewater Hall, Manchester on 24 March 2006; Producer: Paul Hindmarsh; Engineer: Stephen Rinker</subfield>
  </datafield>
  <datafield tag="508" ind1=" " ind2=" ">
   <subfield code="a">Tracks 8-12 recorded live at the Bridgewater Hall, Manchester on 11 December 2004; Producer: Mike George; Engineer: Stephen Rinker</subfield>
  </datafield>
  <datafield tag="511" ind1="0" ind2=" ">
   <subfield code="a">Schwanewilms, Anne, Soprano</subfield>
  </datafield>
  <datafield tag="511" ind1="0" ind2=" ">
   <subfield code="a">Stott, Kathryn, piano</subfield>
  </datafield>
  <datafield tag="511" ind1="0" ind2=" ">
   <subfield code="a">Elder, Mark, conductor</subfield>
  </datafield>
  <datafield tag="511" ind1="0" ind2=" ">
   <subfield code="a">Boyd, Douglas, conductor</subfield>
  </datafield>
  <datafield tag="511" ind1="0" ind2=" ">
   <subfield code="a">Noseda, Gianandrea, conductor</subfield>
  </datafield>
  <datafield tag="511" ind1="0" ind2=" ">
   <subfield code="a">The Halle</subfield>
  </datafield>
  <datafield tag="511" ind1="0" ind2=" ">
   <subfield code="a">Manchester Camerata</subfield>
  </datafield>
  <datafield tag="511" ind1="0" ind2=" ">
   <subfield code="a">BBC Philharmonic</subfield>
  </datafield>
  <datafield tag="520" ind1=" " ind2=" ">
   <subfield code="a">Struss: four last songs, Im Abendrot (track 4) Glowing orchestral colours introduce the final song in which an elderly couple watch the sun set and ponder on approaching death.  The sky is empty except for two larks, represented by distand woodwind twitterings.  They reappear as the music draws to its close.  In the extended coda for orchestra alone, the transfiguration theme from Death and Transfiguration is heard (6:16), the mood perfectly relaxed.  Death is accepted and even welcomed.</subfield>
  </datafield>
  <datafield tag="520" ind1=" " ind2=" ">
   <subfield code="a">Mozart: piano concerto no. 20, rondo finale (Track 7)  Even as the 1785 premiere got under way, the copyist was writing out the parts for the finale.  So, with the ink barely dry on the manuscripts paper, Mozart launch into the Rondo's opening theme.  A cat and mouse affair, with scurrying strings and seeming changes of direction, it just refuses to settle.  Sfter a brief cadenza, oboe, bassoon and horns repeat the perky second theme (6:000, this time in D major.  From then on all is sunshine as piano and orchestra sprint to the finishing line.</subfield>
  </datafield>
  <datafield tag="520" ind1=" " ind2=" ">
   <subfield code="a">Prokofiev: Romeo and Juliet, Mpntagues and Capulets (Track 8)  This contains one of Prokofiev's best known themes, full swaggering arrogance.  The middle section (2:28) is in marked contrast, as light as chamber of music, with Kandinsky-like flecks of colour from woodwind and soft percussion.</subfield>
  </datafield>
  <datafield tag="520" ind1=" " ind2=" ">
   <subfield code="a">Death of Tybalt (Track 12)  An orchestral showpiece, projected on its way with frantic string semiquavers, punctuated by stabbing brass and percussion.  Fourteen intimidating chords (2:15) reach a hight which in turn heralds a brassy climax full of screaming trumpets.  On stage, tempo considerations have to be made for the dancers  but in the concert hall the orchestra can be given its head.</subfield>
  </datafield>
  <datafield tag="650" ind1=" " ind2="0">
   <subfield code="a">Classical Music.</subfield>
  </datafield>
  <datafield tag="650" ind1="1" ind2="0">
   <subfield code="a">Orchestra music.</subfield>
  </datafield>
  <datafield tag="650" ind1=" " ind2="0">
   <subfield code="a">Piano music.</subfield>
  </datafield>
  <datafield tag="700" ind1="1" ind2=" ">
   <subfield code="a">Mozart, Wolfgang.</subfield>
  </datafield>
  <datafield tag="700" ind1="0" ind2=" ">
   <subfield code="a">Prokofiev, Sergie.</subfield>
  </datafield>
  <datafield tag="710" ind1="0" ind2=" ">
   <subfield code="a">DDD Stereo.</subfield>
  </datafield>
  <datafield tag="710" ind1="0" ind2=" ">
   <subfield code="a">BBC MM270.</subfield>
  </datafield>
  <datafield tag="852" ind1="0" ind2=" ">
   <subfield code="a">UPVIS</subfield>
   <subfield code="b">UPV-ML</subfield>
   <subfield code="h">CD-1099</subfield>
  </datafield>
  <datafield tag="942" ind1=" " ind2=" ">
   <subfield code="a">Music</subfield>
  </datafield>
 </record>
</collection>
